Највећа острва света - Statistics

General Stats
  • This quiz has been taken 764 times
  • The average score is 7 of 26
Answer Stats
Км2 Острво % Correct
587,713 Мадагаскар
88%
2,130,800 Гренланд
81%
101,826 Исланд
67%
105,806 Куба
53%
67,655 Шри Ланка
53%
84,421 Ирска
48%
209,331 Велика Британија
42%
138,794 Јава
39%
443,066 Суматра
32%
748,168 Борнео
31%
225,800 Хоншу
26%
78,719 Хокаидо
23%
785,753 Нова Гвинеја
16%
65,022 Тасманија
11%
145,836 Јужно острво
9%
111,583 Северно острво
9%
180,681 Сулавеси
8%
108,860 Њуфаундленд
7%
507,451 Бафинова земља
6%
109,965 Лузон
6%
72,493 Сахалин
5%
97,530 Минданао
4%
73,929 Хиспаниола
4%
217,291 Викторија
3%
196,236 Елсмир
1%
70,028 Бенкс
0%
No matching quizzes found
Score Distribution
Percent of People with Each Score
Percentile by Number Answered
Your Score History
You have not taken this quiz